เปลี่ยนเป็นภาษาไทย

Change to English
 แสดงรายละเอียดบรรณานุกรม
  กลับหน้าหลัก

Brief Record : Get Marc (ISO 2709) : E-mail record : QR code ปิดหน้าต่าง
LEADER 00000nam 2200000uu 4500
001    17862
003     ULIBM
008    020711s2559 th a 000 0 tha d
020    978-616-223-977-9
100    สุชาดา ภัยหลีกลี้ และคณะ
245    พฤติกรรมการใช้สุรา ยาสูบ สารเสพติดและพฤติกรรมเสี่ยงต่อสุขภาพ ในนักเรียนมัธยมศึกษาของประเทศไทย ปีการศึกษา 2558
250    พิมพ์ครั้งที่ 1
260     ^bหจก.โรงพิมพ์คลังนานาวิทยา,^c2559
300    64 หน้า
รายการนี้ยังไม่มีแท็ก
คุณยังไม่ได้ล็อกอิน คุณสามารถมีกิจกรรมร่วมกับเว็บไซต์ได้ แต่ต้องล็อกอินก่อน ::
  ล็อกอิน
ลำดับที่ ประเภท เลขเรียก/บาร์โค้ด สถานที่ สถานะ
1. รายงานการวิจ้ย
รายงานการวิจ้ย
2559  
  Barcode: 0003217
หนังสือทั่วไป On Shelf
   [แสดง 1/1 รายการ]

BibComment


ยังไม่เคยถูกคอมเมนท์

คอมเมนท์ทรัพยากรรายการนี้
  คอมเมนท์: พฤติกรรมการใช้สุร..
Bib 17862


 Union Library Management : ULibM
Copyright 2026. All Rights Reserved.